| 000 | 00464nam a22001457a 4500 | ||
|---|---|---|---|
| 008 | 140826b xxu||||| |||| 00| 0 eng d | ||
| 020 | _a0406093776 | ||
| 050 | _aKD277.7.L39(1953 vol.1) | ||
| 245 |
_aThe Law Reports (1953 vol.1) Queen's bench division ./ _ceditted by Ralph Sutton |
||
| 260 |
_aLondon: _bButterworth and Co LTD, _c1953. |
||
| 300 |
_aViii,777p,: _c22cm. |
||
| 440 |
_pQueen's bench division. _vVol.1 |
||
| 800 | _aSutton, Ralph. | ||
| 942 |
_2lcc _cBK |
||
| 999 |
_c3732 _d11232 |
||